000 01204nam a2200325 i 4500
001 768714001
003 CO-MdFUSB
005 20230601165330.0
007 ta
008 230422t2015 -uk||||| |||| 00| | eng d
020 _q[No incluye ISBN]
040 _aCO-MdFUSB
_bspa
_cCO-MdFUSB
_dCO-MdFUSBC
_erda
041 _aeng
082 _223
_a225.6
_bN684g
100 _eautor
_aTurner, Nigel,
245 _aGrammatical insights into the New Testament
_c/ Nigel Turner
264 1 _aLondres, Inglaterra :
_bT y T CLARK,
_c[2015]
264 4 _c© 2015
300 _a198 páginas
_c; 22 cm
336 _2rdacontent
_atexto
_btxt
337 _2rdamedia
_asin mediación
_bn
338 _2rdacarrier
_avolumen
_bnc
505 _aLa Gramática de Dios -- Jesús de Nazareth -- Saulo de Tarso -- Las enseñanzas de San Pablo -- San Juan -- Otros escritores: San Lucas y la Iglesia primitiva; El Apocalipsis; el cristianismo según Santiago; San Pedro; ¿Para comprar alegría? (Hebreos 12) -- El lenguaje de Jesús y sus discípulos.
563 _aTapa dura
630 0 7 _aBiblia.
_pNuevo Testamento
650 0 _91734
_aGramática
942 _cBK
945 _aMag 1104
999 _c68762
_d68762